News Coverage (Record no. 17607)
[ view plain ]
| 000 -LEADER | |
|---|---|
| fixed length control field | 00329nam a22001337a 4500 |
| 008 - FIXED-LENGTH DATA ELEMENTS--GENERAL INFORMATION | |
| fixed length control field | 190408b xxu||||| |||| 00| 0 eng d |
| 020 ## - INTERNATIONAL STANDARD BOOK NUMBER | |
| International Standard Book Number | 8184110975 |
| 050 ## - LIBRARY OF CONGRESS CALL NUMBER | |
| Classification number | PN4784 |
| Item number | .R35 2008 c.1 |
| 100 ## - MAIN ENTRY--PERSONAL NAME | |
| Personal name | Rajsekhar |
| 245 ## - TITLE STATEMENT | |
| Title | News Coverage |
| 260 ## - PUBLICATION, DISTRIBUTION, ETC. (IMPRINT) | |
| Place of publication, distribution, etc. | New Delhi |
| Name of publisher, distributor, etc. | Sonali Publications |
| Date of publication, distribution, etc. | 2008 |
| 300 ## - PHYSICAL DESCRIPTION | |
| Extent | 303p. |
| 942 ## - ADDED ENTRY ELEMENTS (KOHA) | |
| Source of classification or shelving scheme | Library of Congress Classification |
| Koha item type | General Collection |
| Withdrawn status | Lost status | Source of classification or shelving scheme | Not for loan | Home library | Current library | Date acquired | Cost, normal purchase price | Total Checkouts | Full call number | Barcode | Date last seen | Price effective from | Koha item type |
|---|---|---|---|---|---|---|---|---|---|---|---|---|---|
| Library of Congress Classification | Kabarak, Main Campus | Kabarak, Main Campus | 08/04/2019 | 3480.00 | PN4784 .R35 2008 c.1 | 025283 | 08/04/2019 | 08/04/2019 | General Collection | ||||
| Library of Congress Classification | Kabarak, Main Campus | Kabarak, Main Campus | 08/04/2019 | 3480.00 | PN4784 .R35 2008 c.2 | 025284 | 08/04/2019 | 08/04/2019 | General Collection |